000
00303nam a22001337a 4500
008
181030b xxu||||| |||| 00| 0 eng d
020
_a
9780323074193
041
_a
eng
080
_a
618
100
_a
10
101
_a
GJIN
245
_a
Clinical Gynecologic Oncology
_c
Creasman, D.S
942
_2
udc
_c
BK
999
_c
51160
_d
51160